La fábrica del prestigio en Mesoamérica

محفوظ في:

المؤلف الرئيسي: Juliette Testard

التنسيق: كتاب

اللغة: Undetermined

الوصول للمادة أونلاين: Login to view Source

الوسوم: إضافة وسم

لا توجد وسوم, كن أول من يضع وسما على هذه التسجيلة!

رقم الطلب:

LEADER 00453nmm a2200133Ia 4500
008 240716s9999||||xx |||||||||||||||||und||
020 |a 9781803275574 
020 |a 9781803275581 
100 |a Juliette Testard 
245 1 0 |a La fábrica del prestigio en Mesoamérica  |c Juliette Testard 
264 |b Archaeopress Access Archaeology  |c 19-أكتوبر-23 
856 4 0 |u http://library.arce.org:8087/Archaeopress/Products/9781803275574 
942 |2 lcc  |c EBOOK 
999 |c 59001  |d 59001